000 00426nam a2200181Ia 4500
003 OSt
005 20230524164233.0
008 210423s1995 xx 000 0 und d
040 _cAL
041 _aeng
082 _a302
_223
_bCHAS
100 _aCHAUBE (S P).
_9113074
245 _aSocial psychology.
260 _bLaxmi Narain Agarwal
_c1995
365 _b65
_cINR
906 _apsychology. ; Social
942 _2ddc
_cBK
999 _c172977
_d172977